Kraje Azji i ich stolice - Statystyki

Ogólne statystyki
  • Ten quiz został rozwiązany 862 razy
    842 od ostatniego zresetowania
  • Średni wynik to 20 z 49
Statystyki odpowiedzi
Stolica % Poprawnych
Pekin
95%
Baku
70%
Nikozja
68%
Tokio
64%
Dhaka
62%
Moskwa
59%
Seul
58%
Tbilisi
55%
Ankara
54%
Pjongjang
51%
Singapur
51%
Delhi
49%
Kuwejt
48%
Abu Zabi
47%
Bangkok
45%
Manila
45%
Teheran
45%
Ułan Bator
45%
Nur-sułtan
44%
Dżakarta
43%
Male
43%
Bagdad
42%
Doha
41%
Erywań
41%
Damaszek
40%
Hanoi
38%
Islamabad
38%
Kabul
38%
Kuala Lumpur
35%
Sana
35%
Amman
34%
Katmandu
34%
Tajpej
34%
Bejrut
33%
Wientian
33%
Thimphu
32%
Dili
31%
Biszkek
30%
Maskat
29%
Bandar Seri Begawan
27%
Phnom Penh
27%
Manama
26%
Naypyidaw
24%
Taszkent
24%
Aszchabad
22%
Duszanbe
22%
Ar-rijad
11%
Kotte
11%
Tel Awiw-Jafa
8%
Nie znaleziono quizów pasujących do podanych kryteriów
Rozkład punktacji
Procent ludzi z każdym wynikiem
Percentyl według liczby udzielonych odpowiedzi
Twoja historia wyników
Nie rozwiązałeś tego quizu od ostatniego zresetowania